¿Quién es? Futbol Mexicano #1 - Estadísticas

Estadísticas generales
  • Esta prueba ha sido intentada 34 veces
  • La puntuación promedio es 7 de 16
Estadísticas de respuestas
Imagen Respuesta % Correcto
Luis Montes Jiménez
93%
Darío Verón
77%
William Yarbrough
67%
Jean Meneses
57%
Israel Sabdi Jiménez
53%
Leandro Augusto
50%
Bruno Marioni
47%
Edgar Castillo
47%
Javier Gandolfi
47%
Daniel Montenegro
40%
Duvier Riascos
40%
Joe Corona
37%
Edgar Mejía
27%
Joshua Abrego
27%
Juan Carlos Silva
20%
Omar Esparza
17%
No se encontraron pruebas coincidentes
Distribución de puntuación
Porcentaje de gente con cada puntuación
Porcentaje por número respondido
Historial de tus puntuaciones
No has intentado esta prueba.